15 meilleurs pays ( selon gemini) - Statistiques

Statistiques générales
  • Ce quiz a été pris 101 fois
  • Le résultat moyen est 12 sur 15
Statistiques - réponses
Positions Pays % Correct
12 France
99%
5 États-Unis
98%
2 Canada
92%
15 Italie
88%
6 Japon
88%
7 Allemagne
87%
3 Suède
84%
4 Australie
81%
1 Suisse
80%
11 Norvège
77%
14 Finlande
73%
9 Royaume-Uni
72%
13 Danemark
69%
10 Pays bas
67%
8 Nouvelle-Zélande
58%
Aucun quiz correspondant
Distribution des résultats
% des personnes avec chaque résultat
Percentile par nombre de réponses
Votre historique - résultats
Vous n’avez pas pris ce quiz